Detalles MARC
| 000 -LEADER |
| fixed length control field |
02185nam a2200541 a 4500 |
| 005 - FECHA ULTIMA MODIFICACION |
| control field |
20231212100551.0 |
| 008 - CAMPO DE CONTROL (LIBRO) |
| fixed length control field |
100504s2010||||sp a f |||| 001 0 spa d |
| 020 ## - INTERNATIONAL STANDARD BOOK NUMBER |
| ISBN |
9788428215077 |
| 041 ## - CODIGO DE IDIOMA |
| Código de idioma del texto/pista de sonido o título separado |
spa |
| 092 ## - SIGNATURA TOPOGRAFICA DEWEY LOCAL |
| número de clasificación |
574.8 |
| libristica |
7 |
| sección |
BIO |
| 245 ## - TITULO PROPIAMENTE DICHO |
| Título |
Biología molecular de la célula / |
| Mención de responsabilidad y remanente de la transcripción de la portada |
Bruce Alberts |
| 250 ## - MENCION DE EDICION |
| Mención de edición |
5a ed. en español de la obra original en ingles |
| Mención de responsabilidad relacionada con la ed. |
Traducción Mercé Durfort i Coll ; Miquel Llobera i Sande |
| 260 ## - PIE DE IMPRENTA |
| Lugar de publicación, distribución, etc |
Barcelona: |
| Nombre de la editorial, distribuidor, etc |
Omega; |
| Fecha de publicación |
2010. |
| 300 ## - DESCRIPCION FISICA |
| Extension |
1602 p. |
| Otros detalles físicos |
il. |
| 500 ## - NOTA GENERAL |
| Nota general |
Alberts, B. et al. (2010). Biología molecular de la célula. (5a ed.). Barcelona : Omega. |
| 653 ## - TÉRMINO INDIZADO - PALABRAS CLAVES |
| Palabra clave |
Caracteristicas universales de las células en la tierra |
| 653 ## - TÉRMINO INDIZADO - PALABRAS CLAVES |
| Palabra clave |
Química celular y biosíntesis |
| 653 ## - TÉRMINO INDIZADO - PALABRAS CLAVES |
| Palabra clave |
Proteínas |
| 653 ## - TÉRMINO INDIZADO - PALABRAS CLAVES |
| Palabra clave |
DNA, cromosomas y genomas |
| 653 ## - TÉRMINO INDIZADO - PALABRAS CLAVES |
| Palabra clave |
Replicación, reparación y recombinación del DNA |
| 653 ## - TÉRMINO INDIZADO - PALABRAS CLAVES |
| Palabra clave |
DNA a la proteína |
| 653 ## - TÉRMINO INDIZADO - PALABRAS CLAVES |
| Palabra clave |
Control de la expresión génica |
| 653 ## - TÉRMINO INDIZADO - PALABRAS CLAVES |
| Palabra clave |
Manipulación de proteínas, DNA y RNA |
| 653 ## - TÉRMINO INDIZADO - PALABRAS CLAVES |
| Palabra clave |
Observar las celulas |
| 653 ## - TÉRMINO INDIZADO - PALABRAS CLAVES |
| Palabra clave |
Estructura de la membrana |
| 653 ## - TÉRMINO INDIZADO - PALABRAS CLAVES |
| Palabra clave |
Transporte de moléculas pequeñas a través de la membrana y las propiedades eléctricas de las membranas |
| 653 ## - TÉRMINO INDIZADO - PALABRAS CLAVES |
| Palabra clave |
Compartimientos intracelulares y clasificación de proteínas |
| 653 ## - TÉRMINO INDIZADO - PALABRAS CLAVES |
| Palabra clave |
Tráfico vesicular intracelular |
| 653 ## - TÉRMINO INDIZADO - PALABRAS CLAVES |
| Palabra clave |
Conversión energética: mitocondrias y cloroplastos |
| 653 ## - TÉRMINO INDIZADO - PALABRAS CLAVES |
| Palabra clave |
Mecanismos de comunicación celular |
| 653 ## - TÉRMINO INDIZADO - PALABRAS CLAVES |
| Palabra clave |
Citoesqueleto |
| 653 ## - TÉRMINO INDIZADO - PALABRAS CLAVES |
| Palabra clave |
Ciclo celular |
| 653 ## - TÉRMINO INDIZADO - PALABRAS CLAVES |
| Palabra clave |
Apoptosis |
| 653 ## - TÉRMINO INDIZADO - PALABRAS CLAVES |
| Palabra clave |
Uniones celulares, adhesión celular y matrix extracelular |
| 653 ## - TÉRMINO INDIZADO - PALABRAS CLAVES |
| Palabra clave |
Cáncer |
| 653 ## - TÉRMINO INDIZADO - PALABRAS CLAVES |
| Palabra clave |
Reproducción sexual: meiosis, células germinales y fecundación |
| 653 ## - TÉRMINO INDIZADO - PALABRAS CLAVES |
| Palabra clave |
Desarrollo de los organismos pluricelulares |
| 653 ## - TÉRMINO INDIZADO - PALABRAS CLAVES |
| Palabra clave |
Tejidos especializados, las células madre y la renovación tisular |
| 653 ## - TÉRMINO INDIZADO - PALABRAS CLAVES |
| Palabra clave |
Patógenos, infección e inmunidad innata |
| 653 ## - TÉRMINO INDIZADO - PALABRAS CLAVES |
| Palabra clave |
Sistema de inmunidad adquirida |
| 700 1# - ENTRADAS SECUNDARIAS - NOMBRE PERSONAL |
| Nombre personal |
Alberts, Bruce |
| 9 (RLIN) |
8 |
| 700 1# - ENTRADAS SECUNDARIAS - NOMBRE PERSONAL |
| Nombre personal |
Johnson, Alexander |
| 9 (RLIN) |
11 |
| 700 1# - ENTRADAS SECUNDARIAS - NOMBRE PERSONAL |
| Nombre personal |
Lewis, Julian. |
| 9 (RLIN) |
12 |
| 700 1# - ENTRADAS SECUNDARIAS - NOMBRE PERSONAL |
| Nombre personal |
Raff, Martin. |
| 9 (RLIN) |
13 |
| 700 1# - ENTRADAS SECUNDARIAS - NOMBRE PERSONAL |
| Nombre personal |
Roberts, Keith. |
| 9 (RLIN) |
14 |
| 700 1# - ENTRADAS SECUNDARIAS - NOMBRE PERSONAL |
| Nombre personal |
Walter, Peter |
| 9 (RLIN) |
15 |
| 942 ## - ADDED ENTRY ELEMENTS (KOHA) |
| Source of classification or shelving scheme |
Dewey Decimal Classification |
| Item type |
Libros |